Archivmaterialien zu Hartwig Drude, 1935-

Guardado en:  
Detalles Bibliográficos
Autor principal: Drude, Hartwig 1935- (Autor)
Tipo de documento: Electrónico Archival Collections
Lenguaje:Alemán
Verificar disponibilidad: HBZ Gateway
En:Año: 2019
Acceso en línea: Archivdatenbank (Kalliope Verbundkatalog)

MARC

LEADER 00000npc a22000002 4500
001 LR107203146
003 PipeLineGenerated
005 20260426060921.0
008 190606s2019 xx ||||| 00| ||ger c
100 |a Drude, Hartwig  |0 (DE-588)107203146  |0 (DE-627)589911635  |d 1935- 
245 |a Archivmaterialien zu Hartwig Drude, 1935- 
856 |u https://kalliope-verbund.info/gnd/107203146  |3 Archivdatenbank (Kalliope Verbundkatalog) 
BIB |a 1  |o create_literary_remains_records 
CAN |a 1  |o create_literary_remains_records 
ELC |a 1 
REL |a 1  |o create_literary_remains_records 
SUB |a CAN  |a BIB  |a REL